Sports Quiz

Random Sports or Baseball Quiz

Hall of Famers playing MLB in 1903 Quiz Stats

 Plays Quiz not verified by Sporcle

Support Sporcle.
Go Orange.
Score 0/30 Timer 04:00
0 Plays Today
Team Player % Correct
Boston (A)Cy Young
93.1%
PittsburghHonus Wagner
91.1%
Chicago (N)Frank Chance
88.2%
Chicago (N)Joe Tinker
88.2%
Chicago (N)Johnny Evers
88.2%
ClevelandNap Lajoie
88.2%
New York (N)Christy Mathewson
88.2%
DetroitSam Crawford
74.4%
New York (A)Willie Keeler
72.8%
Philadelphia (A)Eddie Plank
72.4%
New York (A)Jack Chesbro
72%
WashingtonEd Delahanty
71.5%
Boston (A)Jimmy Collins
69.9%
New York (N)*John McGraw
67.9%
Philadelphia (A)Rube Waddell
67.9%
Team Player % Correct
New York (N)Joe McGinnity
67.5%
PittsburghFred Clarke
64.6%
St. Louis (N)Mordecai Brown
62.6%
ClevelandAddie Joss
60.2%
Philadelphia (A)Chief Bender
58.9%
New York (N)Roger Bresnahan
57.3%
St. Louis (A)Jesse Burkett
50.4%
New York (N)George Davis
50%
BrooklynHughie Jennings
47.2%
St. Louis (A)Bobby Wallace
46.3%
ClevelandElmer Flick
45.5%
CincinnatiJake Beckley
45.1%
Boston (N)Vic Willis
43.1%
CincinnatiJoe Kelley
39%
New York (A)*Clark Griffith
24.4%

You're not logged in!

Compare scores with friends on all Sporcle quizzes.
OR
Log In

From the Vault

Big 4 Teams with a 'K'

by manonthemoon

Before you get all uppity, Orlando Magick is not an answer.
Remove Ads.
Support Sporcle.
Get the best of Sporcle when you Go Orange. This ad-free experience offers more features, more stats, and more fun while also helping to support Sporcle. Thank you for becoming a member.

Show Comments

Extras

Top Quizzes Today


Score Distribution

Your Account Isn't Verified!

In order to create a playlist on Sporcle, you need to verify the email address you used during registration. Go to your Sporcle Settings to finish the process.

Report this User

Report this user for behavior that violates our Community Guidelines.

Details: